Zlato za štvorročné vzpieračské "blbnutie" prezident MKVaSŠ Pavol Mutafov priznáva, že na košické činky si sadlo aj šťastie

Bibliographic Details
Main Author: Mutafov, Pavol (Author)
Format: Article
Language:Slovak
PhysicalDescription:Obr.
Subjects:

MARC

LEADER 00000nab a2200000 a 4500
001 vtls008413456
003 SK-MaSNL
005 20260303070225.0
008 051205 2005 xo r r 000 0 slo
038 |a KEVKJB 
040 |a KEVKJB  |b slo  |c KEVKJB  |e AACR2 
041 0 |a slo 
044 |a xo  |c SK 
080 |a 796.88  |2 UDC-MRF-SK2 
245 0 0 |a Zlato za štvorročné vzpieračské "blbnutie"  |b prezident MKVaSŠ Pavol Mutafov priznáva, že na košické činky si sadlo aj šťastie  |c [autor] mat, Pavol Mutafov 
300 |b Obr. 
610 2 7 |a Mestský klub vzpierania a silových športov (Košice, Slovensko)  |2 kevkjb  |9 31229 
650 0 7 |a vzpieranie  |2 kevkjb  |9 3253 
651 7 |a Košice (Slovensko)  |2 kevkjb  |9 18694 
700 1 |a Mutafov, Pavol  |4 ive  |4 aut  |9 872574 
773 0 |t Košický večer  |g Roč. 16(37), č. 48 (2.12.2005), s. 12 
852 |a KEVKJB  |b KIS3GCP 
999 |c 1754446  |d 1756376